| 000 | 00804nam a2200265Ia 4500 | ||
|---|---|---|---|
| 003 | OSt | ||
| 005 | 20220926032225.0 | ||
| 006 | a|||||r|||| 00| 0 | ||
| 007 | ta | ||
| 008 | 220923b |||||||| |||| 00| 0 eng d | ||
| 020 | _a3608911162 | ||
| 037 | _cGeneral Book | ||
| 040 |
_aRTL _cRTL _beng |
||
| 041 |
_2eng _aeng |
||
| 082 | _aX.5.N8, M3 | ||
| 100 |
_aFremdling Rainer _9337032 |
||
| 245 | 0 | _aProductivity in the economics of Europe | |
| 260 |
_aStuttigavt _bKlett-Cotta _c1983 |
||
| 300 |
_a222p. _ccm. |
||
| 490 | _aHistorical Sozialwissenschafttichs Forschung.15 | ||
| 650 |
_aEconomic condition Europe _9234055 |
||
| 700 |
_a O'Brien Patrick K Ed. _9122136 |
||
| 942 |
_hX.5.N8, M3 _cGB _2CC |
||
| 999 |
_c654124 _d654124 |
||